[Event "Ekstraliga 2019"]
[Site "Katowice"]
[Date "2019.08.28"]
[Round "1.19"]
[White "Matuszewski, Michal"]
[Black "Piorun, Kacper"]
[Result "1/2-1/2"]
[BlackElo "2660"]
[WhiteElo "2518"]
[WhiteTeam "KSz Dwie Wieze Krakow"]
[BlackTeam "KSz Stilon Gorzow"]
[LiveChessVersion "1.4.8"]

1. d4 {[%clk 1:30:56]} Nf6 {[%clk 1:30:47]} 2. Bg5 {[%clk 1:31:15]} c6
{[%clk 1:30:58]} 3. c3 {[%clk 1:26:58]} d5 {[%clk 1:29:51]} 4. Nd2
{[%clk 1:26:51]} Bf5 {[%clk 1:30:10]} 5. Qb3 {[%clk 1:23:46]} Qc8
{[%clk 1:28:50]} 6. Bxf6 {[%clk 1:20:43]} exf6 {[%clk 1:20:08]} 7. g3
{[%clk 1:20:13]} Bd6 {[%clk 1:18:43]} 8. c4 {[%clk 1:06:00]} O-O {[%clk 1:10:17]}
9. Bg2 {[%clk 1:05:33]} Na6 {[%clk 0:58:21]} 10. a3 {[%clk 1:02:14]} dxc4
{[%clk 0:54:07]} 11. Nxc4 {[%clk 1:00:04]} Be7 {[%clk 0:54:04]} 12. e3
{[%clk 0:54:24]} Be6 {[%clk 0:50:44]} 13. Qc2 {[%clk 0:49:15]} Rd8
{[%clk 0:36:49]} 14. Ne2 {[%clk 0:44:23]} c5 {[%clk 0:36:16]} 15. Na5
{[%clk 0:37:04]} Rb8 {[%clk 0:36:39]} 16. O-O {[%clk 0:33:41]} Bh3
{[%clk 0:35:43]} 17. Qe4 {[%clk 0:26:30]} Bf5 {[%clk 0:27:26]} 18. Qf3
{[%clk 0:14:16]} Bg4 {[%clk 0:25:13]} 19. Qe4 {[%clk 0:14:42]} Bf5
{[%clk 0:18:07]} 20. Qf4 {[%clk 0:14:21]} Bd6 {[%clk 0:09:52]} 21. Qh4
{[%clk 0:14:37]} Bc7 {[%clk 0:07:43]} 22. Nb3 {[%clk 0:12:07]} b6
{[%clk 0:06:21]} 23. Nc3 {[%clk 0:10:16]} Bd6 {[%clk 0:05:29]} 24. Rac1
{[%clk 0:06:56]} Qe6 {[%clk 0:04:44]} 25. Bd5 {[%clk 0:05:52]} Qe7
{[%clk 0:04:58]} 26. Bf3 {[%clk 0:04:36]} Qe6 {[%clk 0:04:13]} 27. Bd5
{[%clk 0:04:55]} Qe7 {[%clk 0:04:34]} 28. Bf3 {[%clk 0:05:21]} Qe6
{[%clk 0:04:02]} 1/2-1/2

[Event "Ekstraliga 2019"]
[Site "Katowice"]
[Date "2019.08.28"]
[Round "1.20"]
[White "Bluebaum, Matthias"]
[Black "Leniart, Arkadiusz"]
[Result "1-0"]
[BlackElo "2488"]
[WhiteElo "2619"]
[WhiteTeam "KSz Stilon Gorzow"]
[BlackTeam "KSz Dwie Wieze Krakow"]
[LiveChessVersion "1.4.8"]

1. d4 Nf6 {[%clk 1:30:48]} 2. c4 {[%clk 1:31:20]} e6 {[%clk 1:31:15]} 3. Nc3
{[%clk 1:31:30]} c5 {[%clk 1:30:57]} 4. d5 {[%clk 1:31:47]} exd5 {[%clk 1:31:23]}
5. cxd5 {[%clk 1:32:12]} d6 {[%clk 1:31:51]} 6. Nf3 {[%clk 1:31:26]} g6
{[%clk 1:32:16]} 7. Bg5 {[%clk 1:31:22]} Bg7 {[%clk 1:31:31]} 8. Nd2
{[%clk 1:31:19]} h6 {[%clk 1:29:29]} 9. Bh4 {[%clk 1:31:40]} O-O {[%clk 1:22:21]}
10. e4 {[%clk 1:32:00]} a6 {[%clk 1:18:08]} 11. a4 {[%clk 1:32:24]} Nbd7
{[%clk 1:16:18]} 12. Be2 {[%clk 1:32:36]} Qc7 {[%clk 1:14:12]} 13. O-O
{[%clk 1:31:36]} b6 {[%clk 1:11:51]} 14. f4 {[%clk 1:26:06]} Re8 {[%clk 1:07:30]}
15. Qc2 {[%clk 1:19:57]} Nf8 {[%clk 1:00:12]} 16. Nc4 {[%clk 1:12:40]} N6h7
{[%clk 0:47:30]} 17. Bg3 {[%clk 1:05:44]} Bd4+ {[%clk 0:39:36]} 18. Kh1
{[%clk 1:04:58]} Bb7 {[%clk 0:35:22]} 19. e5 {[%clk 0:57:19]} Bxc3
{[%clk 0:31:41]} 20. Qxc3 {[%clk 0:51:19]} Bxd5 {[%clk 0:26:52]} 21. Nxd6
{[%clk 0:50:25]} Qc6 {[%clk 0:24:15]} 22. Rf2 {[%clk 0:47:17]} Ne6
{[%clk 0:19:00]} 23. Nxe8 {[%clk 0:41:17]} Rxe8 {[%clk 0:18:26]} 24. b4
{[%clk 0:33:09]} c4 {[%clk 0:12:16]} 25. Bf1 {[%clk 0:31:11]} Nc7
{[%clk 0:08:31]} 26. Rd2 {[%clk 0:24:11]} b5 {[%clk 0:08:48]} 27. axb5
{[%clk 0:22:09]} Nxb5 {[%clk 0:07:46]} 28. Qe3 {[%clk 0:21:32]} c3
{[%clk 0:05:44]} 29. Rc2 {[%clk 0:20:31]} Nf6 {[%clk 0:04:00]} 30. Bxb5
{[%clk 0:18:20]} Qxb5 {[%clk 0:03:49]} 31. Qxc3 {[%clk 0:17:14]} Ne4
{[%clk 0:04:11]} 32. Qd4 {[%clk 0:17:39]} Rd8 {[%clk 0:04:11]} 33. Kg1
{[%clk 0:17:20]} Kh7 {[%clk 0:03:04]} 34. e6 {[%clk 0:16:12]} Qe8
{[%clk 0:01:57]} 35. exf7 {[%clk 0:14:33]} Bxf7 {[%clk 0:02:23]} 36. Qe5
{[%clk 0:13:17]} Rd5 {[%clk 0:01:11]} 37. Qxe8 {[%clk 0:12:31]} Bxe8
{[%clk 0:01:37]} 38. Rc7+ {[%clk 0:12:15]} Kg8 {[%clk 0:02:02]} 39. Re7
{[%clk 0:12:04]} Nxg3 {[%clk 0:01:45]} 40. Rxe8+ {[%clk 0:42:03]} Kf7
{[%clk 0:32:11]} 41. Re5 {[%clk 0:42:11]} 1-0

[Event "Ekstraliga 2019"]
[Site "Katowice"]
[Date "2019.08.28"]
[Round "1.21"]
[White "Druska, Juraj"]
[Black "Kanarek, Marcel"]
[Result "1-0"]
[BlackElo "2493"]
[WhiteElo "2460"]
[WhiteTeam "KSz Dwie Wieze Krakow"]
[BlackTeam "KSz Stilon Gorzow"]
[LiveChessVersion "1.4.8"]

1. e4 {[%clk 1:30:55]} c5 {[%clk 1:30:58]} 2. Nf3 {[%clk 1:31:11]} Nc6
{[%clk 1:31:25]} 3. Bb5 {[%clk 1:31:29]} g6 {[%clk 1:31:48]} 4. O-O
{[%clk 1:31:03]} Bg7 {[%clk 1:32:13]} 5. Re1 {[%clk 1:31:20]} e5 {[%clk 1:32:13]}
6. Bxc6 {[%clk 1:26:17]} dxc6 {[%clk 1:30:40]} 7. d3 {[%clk 1:26:05]} Qe7
{[%clk 1:23:39]} 8. a4 {[%clk 1:20:35]} Nf6 {[%clk 1:16:31]} 9. Nbd2
{[%clk 1:15:06]} Nd7 {[%clk 1:03:33]} 10. a5 {[%clk 1:11:55]} Nf8
{[%clk 0:56:39]} 11. b3 {[%clk 0:44:59]} Ne6 {[%clk 0:54:28]} 12. Nc4
{[%clk 0:35:15]} f6 {[%clk 0:50:47]} 13. Ba3 {[%clk 0:31:41]} O-O
{[%clk 0:48:39]} 14. Qb1 {[%clk 0:29:44]} Rd8 {[%clk 0:38:38]} 15. b4
{[%clk 0:26:02]} cxb4 {[%clk 0:36:08]} 16. Bxb4 {[%clk 0:13:46]} Qc7
{[%clk 0:34:54]} 17. Qb3 {[%clk 0:10:52]} Kh8 {[%clk 0:31:02]} 18. Reb1
{[%clk 0:10:37]} Rb8 {[%clk 0:15:23]} 19. Bc3 {[%clk 0:06:08]} Nf4
{[%clk 0:14:15]} 20. Bd2 {[%clk 0:04:17]} Be6 {[%clk 0:10:01]} 21. Re1
{[%clk 0:02:32]} b5 {[%clk 0:07:16]} 22. axb6 {[%clk 0:02:56]} axb6
{[%clk 0:07:32]} 23. Qb2 {[%clk 0:01:13]} b5 {[%clk 0:01:58]} 24. Ba5
{[%clk 0:01:18]} Qc8 {[%clk 0:02:13]} 25. Ne3 {[%clk 0:00:42]} Re8
{[%clk 0:01:17]} 26. g3 {[%clk 0:00:58]} Nh3+ {[%clk 0:00:39]} 27. Kg2
{[%clk 0:01:24]} b4 {[%clk 0:00:51]} 28. c3 {[%clk 0:00:58]} b3 {[%clk 0:00:36]}
29. c4 {[%clk 0:00:58]} Qd7 {[%clk 0:00:46]} 30. Red1 {[%clk 0:00:58]} Bh6
{[%clk 0:00:38]} 31. d4 {[%clk 0:01:10]} Nf4+ {[%clk 0:00:37]} 32. Kg1
{[%clk 0:00:43]} Bg4 {[%clk 0:00:40]} 33. dxe5 {[%clk 0:00:54]} Nh3+
{[%clk 0:00:33]} 34. Kf1 {[%clk 0:00:59]} Qc8 {[%clk 0:00:34]} 35. exf6
{[%clk 0:00:54]} Kg8 {[%clk 0:00:34]} 36. Nxg4 {[%clk 0:00:45]} Qxg4
{[%clk 0:01:00]} 37. Ne5 {[%clk 0:00:33]} Qxe4 {[%clk 0:00:34]} 38. f7+
{[%clk 0:01:00]} Kf8 {[%clk 0:00:32]} 39. Bb4+ {[%clk 0:00:34]} Rxb4
{[%clk 0:00:33]} 40. fxe8=Q+ {[%clk 0:30:53]} Kxe8 {[%clk 0:30:55]} 41. Ra8+
{[%clk 0:28:48]} Ke7 {[%clk 0:31:00]} 42. Rd7+ {[%clk 0:28:59]} Kf6
{[%clk 0:24:41]} 43. Nf7+ {[%clk 0:28:31]} 1-0

[Event "Ekstraliga 2019"]
[Site "Katowice"]
[Date "2019.08.28"]
[Round "1.22"]
[White "Janik, Igor"]
[Black "Kaczmarek, Aleksander"]
[Result "1-0"]
[BlackElo "2389"]
[WhiteElo "2483"]
[WhiteTeam "KSz Stilon Gorzow"]
[BlackTeam "KSz Dwie Wieze Krakow"]
[LiveChessVersion "1.4.8"]

1. e4 {[%clk 1:30:58]} c6 {[%clk 1:30:53]} 2. d4 {[%clk 1:31:18]} d5
{[%clk 1:31:19]} 3. e5 {[%clk 1:31:28]} c5 {[%clk 1:30:49]} 4. dxc5
{[%clk 1:31:45]} e6 {[%clk 1:31:12]} 5. Bd3 {[%clk 1:32:09]} Nc6 {[%clk 1:31:20]}
6. Nf3 {[%clk 1:32:21]} Bxc5 {[%clk 1:31:43]} 7. a3 {[%clk 1:32:44]} f6
{[%clk 1:29:13]} 8. b4 {[%clk 1:32:33]} Bb6 {[%clk 1:29:34]} 9. Bb2
{[%clk 1:32:49]} fxe5 {[%clk 1:29:16]} 10. O-O {[%clk 1:31:53]} Nf6
{[%clk 1:29:33]} 11. Nxe5 {[%clk 1:31:48]} O-O {[%clk 1:29:41]} 12. Nd2
{[%clk 1:31:48]} a5 {[%clk 1:29:32]} 13. b5 {[%clk 1:32:06]} Nxe5
{[%clk 1:29:56]} 14. Bxe5 {[%clk 1:32:28]} Bd7 {[%clk 1:30:22]} 15. Qe2
{[%clk 1:32:39]} Qe7 {[%clk 1:26:19]} 16. c4 {[%clk 1:27:31]} Be8
{[%clk 1:22:39]} 17. Kh1 {[%clk 1:24:04]} Nd7 {[%clk 1:12:30]} 18. Bb2
{[%clk 1:23:10]} Nc5 {[%clk 1:05:14]} 19. Bc2 {[%clk 1:18:17]} Rd8
{[%clk 0:56:01]} 20. cxd5 {[%clk 1:12:48]} Rxd5 {[%clk 0:56:13]} 21. a4
{[%clk 1:12:45]} Bc7 {[%clk 0:53:23]} 22. Nc4 {[%clk 1:09:03]} Qg5
{[%clk 0:47:09]} 23. Qe3 {[%clk 0:56:12]} Bf4 {[%clk 0:44:57]} 24. Qc3
{[%clk 0:55:42]} Qh6 {[%clk 0:32:05]} 25. h3 {[%clk 0:53:51]} Bh5
{[%clk 0:30:34]} 26. Rae1 {[%clk 0:49:30]} Rf6 {[%clk 0:27:06]} 27. Qa3
{[%clk 0:41:55]} Rf8 {[%clk 0:26:36]} 28. Be5 {[%clk 0:36:31]} Bxe5
{[%clk 0:18:55]} 29. Rxe5 {[%clk 0:35:31]} b6 {[%clk 0:08:51]} 30. Re3
{[%clk 0:32:24]} Qg5 {[%clk 0:05:48]} 31. Qc3 {[%clk 0:27:40]} Qd8
{[%clk 0:05:15]} 32. Rg3 {[%clk 0:24:20]} Rf7 {[%clk 0:05:38]} 33. Re1
{[%clk 0:24:01]} Rg5 {[%clk 0:03:24]} 34. Qe3 {[%clk 0:17:06]} Rxg3
{[%clk 0:03:21]} 35. fxg3 {[%clk 0:17:35]} Rf6 {[%clk 0:00:48]} 36. Nxa5
{[%clk 0:17:00]} Qd5 {[%clk 0:00:43]} 37. Nc6 {[%clk 0:17:08]} Qc4
{[%clk 0:01:05]} 38. Rc1 {[%clk 0:16:21]} Rf1+ {[%clk 0:01:18]} 39. Rxf1
{[%clk 0:15:12]} Qxf1+ {[%clk 0:01:44]} 40. Kh2 {[%clk 0:45:35]} Be8
{[%clk 0:30:44]} 41. Qd2 {[%clk 0:42:50]} Qf8 {[%clk 0:27:43]} 42. Ne5
{[%clk 0:42:03]} Qe7 {[%clk 0:27:13]} 43. Qd4 {[%clk 0:41:06]} Qc7
{[%clk 0:25:26]} 44. Nc4 {[%clk 0:40:15]} Bg6 {[%clk 0:19:17]} 45. Bxg6
{[%clk 0:37:44]} hxg6 {[%clk 0:19:42]} 46. a5 {[%clk 0:37:55]} bxa5
{[%clk 0:18:03]} 47. Nxa5 {[%clk 0:36:13]} Nd7 {[%clk 0:12:52]} 48. Nc4
{[%clk 0:35:51]} Nf6 {[%clk 0:07:48]} 49. b6 {[%clk 0:35:49]} Qd7
{[%clk 0:07:17]} 50. Qb2 {[%clk 0:35:55]} Qe8 {[%clk 0:04:09]} 51. b7
{[%clk 0:36:12]} Nd7 {[%clk 0:04:36]} 52. Qb5 {[%clk 0:36:36]} Kf8
{[%clk 0:04:20]} 53. Qxd7 {[%clk 0:36:51]} 1-0

[Event "Ekstraliga 2019"]
[Site "Katowice"]
[Date "2019.08.28"]
[Round "1.23"]
[White "Mikrut, Dariusz"]
[Black "Tomczak, Mikolaj"]
[Result "1/2-1/2"]
[BlackElo "2432"]
[WhiteElo "2375"]
[WhiteTeam "KSz Dwie Wieze Krakow"]
[BlackTeam "KSz Stilon Gorzow"]
[LiveChessVersion "1.4.8"]

1. d4 {[%clk 1:30:43]} Nf6 {[%clk 1:30:55]} 2. c4 {[%clk 1:31:07]} e6
{[%clk 1:31:20]} 3. Nc3 {[%clk 1:29:48]} Bb4 {[%clk 1:31:35]} 4. e3
{[%clk 1:28:06]} O-O {[%clk 1:30:28]} 5. Nge2 {[%clk 1:25:09]} d5
{[%clk 1:27:37]} 6. a3 {[%clk 1:23:14]} Bd6 {[%clk 1:26:12]} 7. c5
{[%clk 1:19:01]} Be7 {[%clk 1:26:38]} 8. b4 {[%clk 1:18:58]} b6 {[%clk 1:21:20]}
9. Nf4 {[%clk 1:07:50]} c6 {[%clk 1:09:47]} 10. Be2 {[%clk 0:54:22]} Nbd7
{[%clk 1:04:04]} 11. Nd3 {[%clk 0:53:56]} a5 {[%clk 0:55:36]} 12. Bd2
{[%clk 0:49:04]} Ba6 {[%clk 0:53:22]} 13. O-O {[%clk 0:44:55]} Bc4
{[%clk 0:45:17]} 14. Qc2 {[%clk 0:41:51]} b5 {[%clk 0:41:48]} 15. f4
{[%clk 0:32:19]} Ra6 {[%clk 0:36:25]} 16. bxa5 {[%clk 0:29:52]} Rxa5
{[%clk 0:31:07]} 17. Nb4 {[%clk 0:20:01]} Qa8 {[%clk 0:28:05]} 18. Bxc4
{[%clk 0:20:15]} bxc4 {[%clk 0:23:58]} 19. a4 {[%clk 0:19:48]} Rb8
{[%clk 0:21:06]} 20. Rfb1 {[%clk 0:19:59]} Bd8 {[%clk 0:18:45]} 21. Rb2
{[%clk 0:14:28]} Ra7 {[%clk 0:17:50]} 22. Rab1 {[%clk 0:14:42]} Ba5
{[%clk 0:16:34]} 23. Nba2 {[%clk 0:14:31]} Rc8 {[%clk 0:14:51]} 24. h3
{[%clk 0:14:25]} g6 {[%clk 0:13:45]} 25. Be1 {[%clk 0:14:48]} Nh5
{[%clk 0:12:33]} 26. g4 {[%clk 0:15:08]} Nhf6 {[%clk 0:12:57]} 27. Bh4
{[%clk 0:15:20]} h5 {[%clk 0:12:43]} 28. f5 {[%clk 0:08:44]} exf5
{[%clk 0:11:02]} 29. gxf5 {[%clk 0:09:12]} Kh7 {[%clk 0:09:28]} 30. fxg6+
{[%clk 0:09:33]} fxg6 {[%clk 0:09:53]} 31. Kh1 {[%clk 0:09:37]} Re8
{[%clk 0:09:13]} 32. Rg1 {[%clk 0:09:57]} Ne4 {[%clk 0:08:36]} 33. Qg2
{[%clk 0:10:11]} Nf8 {[%clk 0:08:11]} 34. Nxe4 {[%clk 0:10:34]} Rxe4
{[%clk 0:08:38]} 35. Bg3 {[%clk 0:10:39]} Bc7 {[%clk 0:07:10]} 36. Rf2
{[%clk 0:07:30]} Bxg3 {[%clk 0:04:29]} 37. Qxg3 {[%clk 0:07:46]} Qe8
{[%clk 0:03:48]} 38. Rf3 {[%clk 0:06:05]} Rf7 {[%clk 0:02:49]} 39. Rgf1
{[%clk 0:06:27]} Rxf3 {[%clk 0:02:24]} 40. Rxf3 {[%clk 0:36:21]} Nd7
{[%clk 0:30:32]} 41. Nc3 {[%clk 0:34:09]} Re6 {[%clk 0:30:20]} 42. a5
{[%clk 0:32:21]} Nb8 {[%clk 0:18:35]} 43. Qf4 {[%clk 0:20:39]} Kg7
{[%clk 0:14:52]} 44. Kg2 {[%clk 0:18:46]} Na6 {[%clk 0:14:53]} 45. e4
{[%clk 0:12:11]} dxe4 {[%clk 0:14:34]} 46. Re3 {[%clk 0:11:56]} g5
{[%clk 0:10:02]} 47. Qf5 {[%clk 0:11:45]} Qg6 {[%clk 0:10:01]} 48. Qxg6+
{[%clk 0:11:51]} Kxg6 {[%clk 0:10:27]} 49. Rxe4 {[%clk 0:11:43]} Kf5
{[%clk 0:10:02]} 50. Rxe6 {[%clk 0:08:45]} Kxe6 {[%clk 0:09:42]} 51. Kf3
{[%clk 0:08:18]} Nb4 {[%clk 0:09:45]} 1/2-1/2

[Event "Ekstraliga 2019"]
[Site "Katowice"]
[Date "2019.08.28"]
[Round "1.24"]
[White "Cyfka, Karina"]
[Black "Osmak, Iulija"]
[Result "1/2-1/2"]
[BlackElo "2414"]
[WhiteElo "2413"]
[WhiteTeam "KSz Stilon Gorzow"]
[BlackTeam "KSz Dwie Wieze Krakow"]
[LiveChessVersion "1.4.8"]

1. d4 {[%clk 1:30:56]} d5 {[%clk 1:30:51]} 2. c4 {[%clk 1:31:01]} c6
{[%clk 1:31:14]} 3. Nc3 {[%clk 1:30:44]} Nf6 {[%clk 1:31:34]} 4. Nf3
{[%clk 1:30:07]} dxc4 {[%clk 1:30:50]} 5. a4 {[%clk 1:28:52]} Bf5
{[%clk 1:29:02]} 6. e3 {[%clk 1:27:59]} e6 {[%clk 1:28:07]} 7. Bxc4
{[%clk 1:27:08]} Bb4 {[%clk 1:27:31]} 8. O-O {[%clk 1:26:35]} O-O
{[%clk 1:26:51]} 9. Qe2 {[%clk 1:23:01]} Nbd7 {[%clk 1:24:30]} 10. e4
{[%clk 1:15:58]} Bg6 {[%clk 1:22:31]} 11. Bd3 {[%clk 1:10:34]} Bh5
{[%clk 1:15:03]} 12. e5 {[%clk 0:59:40]} Nd5 {[%clk 1:14:16]} 13. Nxd5
{[%clk 0:54:54]} cxd5 {[%clk 1:10:28]} 14. Qe3 {[%clk 0:50:25]} Be7
{[%clk 1:00:21]} 15. Ng5 {[%clk 0:44:24]} Bxg5 {[%clk 0:57:49]} 16. Qxg5
{[%clk 0:44:47]} Bg6 {[%clk 0:54:52]} 17. Qxd8 {[%clk 0:40:10]} Rfxd8
{[%clk 0:52:03]} 18. Be2 {[%clk 0:38:43]} Nb8 {[%clk 0:44:46]} 19. Be3
{[%clk 0:36:40]} Nc6 {[%clk 0:42:49]} 20. Rfc1 {[%clk 0:34:02]} Rdc8
{[%clk 0:39:08]} 21. Rc3 {[%clk 0:28:55]} Nb4 {[%clk 0:33:57]} 22. Raa3
{[%clk 0:25:41]} a5 {[%clk 0:32:14]} 23. h4 {[%clk 0:24:36]} h6 {[%clk 0:29:51]}
24. g4 {[%clk 0:22:49]} Nc2 {[%clk 0:25:07]} 25. Rab3 {[%clk 0:22:26]} Nxe3
{[%clk 0:24:47]} 26. fxe3 {[%clk 0:22:34]} Bc2 {[%clk 0:24:50]} 27. Rxc8+
{[%clk 0:21:47]} Rxc8 {[%clk 0:25:16]} 28. Rxb7 {[%clk 0:22:07]} Bxa4
{[%clk 0:25:12]} 29. Ra7 {[%clk 0:21:59]} Bd1 {[%clk 0:24:41]} 30. Bxd1
{[%clk 0:21:18]} Rc1 {[%clk 0:25:04]} 31. Rxa5 {[%clk 0:20:59]} Rxd1+
{[%clk 0:25:29]} 32. Kf2 {[%clk 0:21:21]} Rd2+ {[%clk 0:25:54]} 33. Kf3
{[%clk 0:21:44]} Rxb2 {[%clk 0:26:17]} 1/2-1/2

[Event "Ekstraliga 2019"]
[Site "Katowice"]
[Date "2019.08.28"]
[Round "1.25"]
[White "Kuzmicz, Krystian"]
[Black "Heberla, Bartlomiej"]
[Result "1/2-1/2"]
[BlackElo "2552"]
[WhiteElo "2461"]
[WhiteTeam "Bialy Krol Wisznia Mala"]
[BlackTeam "Baszta MOS Znin"]
[LiveChessVersion "1.4.8"]

1. e4 {[%clk 1:30:58]} e5 {[%clk 1:30:19]} 2. Nf3 {[%clk 1:31:18]} Nc6
{[%clk 1:30:35]} 3. Nc3 {[%clk 1:31:09]} Nf6 {[%clk 1:30:47]} 4. g3
{[%clk 1:31:12]} d5 {[%clk 1:28:40]} 5. exd5 {[%clk 1:30:07]} Nxd5
{[%clk 1:26:16]} 6. Bg2 {[%clk 1:30:19]} Nde7 {[%clk 1:26:13]} 7. O-O
{[%clk 1:29:14]} g6 {[%clk 1:26:20]} 8. d4 {[%clk 1:26:31]} exd4 {[%clk 1:26:30]}
9. Nb5 {[%clk 1:26:52]} Bg7 {[%clk 1:26:49]} 10. Bf4 {[%clk 1:27:06]} O-O
{[%clk 1:27:13]} 11. Nxc7 {[%clk 1:26:53]} Rb8 {[%clk 1:27:41]} 12. Nb5
{[%clk 1:26:28]} Ra8 {[%clk 1:28:08]} 13. Nc7 {[%clk 1:26:19]} Rb8
{[%clk 1:28:28]} 14. Nb5 {[%clk 1:26:34]} Ra8 {[%clk 1:28:43]} 15. Nc7
{[%clk 1:26:53]} Rb8 {[%clk 1:28:37]} 16. Nb5 {[%clk 1:27:06]} 1/2-1/2

[Event "Ekstraliga 2019"]
[Site "Katowice"]
[Date "2019.08.28"]
[Round "1.27"]
[White "Skawinski, Arkadiusz"]
[Black "Piesik, Piotr"]
[Result "1/2-1/2"]
[BlackElo "2409"]
[WhiteElo "2398"]
[WhiteTeam "Bialy Krol Wisznia Mala"]
[BlackTeam "Baszta MOS Znin"]
[LiveChessVersion "1.4.8"]

1. e4 {[%clk 1:30:52]} c5 {[%clk 1:30:38]} 2. Nf3 {[%clk 1:31:15]} d6
{[%clk 1:29:32]} 3. Bb5+ {[%clk 1:31:40]} Nd7 {[%clk 1:29:08]} 4. Ba4
{[%clk 1:32:06]} Ngf6 {[%clk 1:27:32]} 5. O-O {[%clk 1:32:30]} e6
{[%clk 1:24:01]} 6. Re1 {[%clk 1:32:13]} Be7 {[%clk 1:23:32]} 7. c3
{[%clk 1:29:07]} O-O {[%clk 1:17:40]} 8. d4 {[%clk 1:29:31]} e5 {[%clk 1:13:07]}
9. Nbd2 {[%clk 1:09:27]} a6 {[%clk 0:59:55]} 10. Bxd7 {[%clk 0:50:02]} Nxd7
{[%clk 0:55:48]} 11. dxe5 {[%clk 0:49:46]} Nxe5 {[%clk 0:40:09]} 12. Nxe5
{[%clk 0:50:09]} dxe5 {[%clk 0:40:36]} 13. Nc4 {[%clk 0:50:28]} f6
{[%clk 0:36:44]} 14. Ne3 {[%clk 0:45:41]} Be6 {[%clk 0:33:47]} 15. c4
{[%clk 0:45:41]} b5 {[%clk 0:31:42]} 16. Qc2 {[%clk 0:44:22]} bxc4
{[%clk 0:29:45]} 17. Rd1 {[%clk 0:42:53]} Qa5 {[%clk 0:19:26]} 18. Nxc4
{[%clk 0:40:49]} Qb5 {[%clk 0:19:22]} 19. b3 {[%clk 0:38:37]} Rfd8
{[%clk 0:19:30]} 20. Be3 {[%clk 0:30:22]} Rxd1+ {[%clk 0:15:35]} 21. Rxd1
{[%clk 0:30:40]} Qc6 {[%clk 0:12:55]} 22. h3 {[%clk 0:29:11]} Rd8
{[%clk 0:12:56]} 23. Rxd8+ {[%clk 0:25:42]} Bxd8 {[%clk 0:13:21]} 24. Nb2
{[%clk 0:25:53]} Be7 {[%clk 0:13:02]} 25. Na4 {[%clk 0:26:15]} c4
{[%clk 0:10:27]} 26. Nb2 {[%clk 0:26:24]} c3 {[%clk 0:09:46]} 27. Nd1
{[%clk 0:26:46]} Bb4 {[%clk 0:09:10]} 28. Bd2 {[%clk 0:24:44]} f5
{[%clk 0:08:19]} 29. Nxc3 {[%clk 0:23:17]} Bxc3 {[%clk 0:08:30]} 30. Bxc3
{[%clk 0:23:43]} Qxe4 {[%clk 0:05:18]} 31. Qxe4 {[%clk 0:23:45]} fxe4
{[%clk 0:05:43]} 32. Bxe5 {[%clk 0:24:10]} Bd7 {[%clk 0:05:00]} 33. Kf1
{[%clk 0:19:48]} Bb5+ {[%clk 0:05:26]} 34. Ke1 {[%clk 0:20:13]} Kf7
{[%clk 0:05:54]} 35. g3 {[%clk 0:19:49]} g6 {[%clk 0:05:41]} 36. a4
{[%clk 0:17:27]} Bd7 {[%clk 0:05:05]} 37. h4 {[%clk 0:17:50]} Be6
{[%clk 0:05:10]} 38. b4 {[%clk 0:18:14]} Bd7 {[%clk 0:05:38]} 39. a5
{[%clk 0:13:16]} Ke6 {[%clk 0:05:59]} 40. Bf4 {[%clk 0:43:28]} 1/2-1/2

[Event "Ekstraliga 2019"]
[Site "Katowice"]
[Date "2019.08.28"]
[Round "1.28"]
[White "Simantsev, Mikhail"]
[Black "Luch, Michal"]
[Result "1/2-1/2"]
[BlackElo "2393"]
[WhiteElo "2346"]
[WhiteTeam "Baszta MOS Znin"]
[BlackTeam "Bialy Krol Wisznia Mala"]
[LiveChessVersion "1.4.8"]

1. d4 {[%clk 1:30:58]} Nf6 {[%clk 1:30:55]} 2. c4 {[%clk 1:30:58]} c5
{[%clk 1:31:11]} 3. d5 {[%clk 1:30:17]} b5 {[%clk 1:31:34]} 4. cxb5
{[%clk 1:23:12]} a6 {[%clk 1:31:59]} 5. e3 {[%clk 1:23:35]} g6 {[%clk 1:29:27]}
6. Nc3 {[%clk 1:22:09]} Bg7 {[%clk 1:28:58]} 7. a4 {[%clk 1:20:22]} O-O
{[%clk 1:23:33]} 8. e4 {[%clk 1:14:57]} Bb7 {[%clk 1:15:07]} 9. e5
{[%clk 1:00:29]} Ne8 {[%clk 1:15:19]} 10. Nf3 {[%clk 1:00:57]} d6
{[%clk 0:50:15]} 11. e6 {[%clk 0:54:49]} fxe6 {[%clk 0:49:34]} 12. Ng5
{[%clk 0:55:09]} Bxc3+ {[%clk 0:32:44]} 13. bxc3 {[%clk 0:55:34]} Ng7
{[%clk 0:33:04]} 14. dxe6 {[%clk 0:29:28]} axb5 {[%clk 0:30:58]} 15. h4
{[%clk 0:18:55]} Qc8 {[%clk 0:27:16]} 16. Be2 {[%clk 0:12:10]} h6
{[%clk 0:12:26]} 17. Nf7 {[%clk 0:07:07]} Qxe6 {[%clk 0:07:47]} 18. Nxh6+
{[%clk 0:07:35]} Kh7 {[%clk 0:08:16]} 19. O-O {[%clk 0:04:11]} Qe4
{[%clk 0:00:45]} 20. Bf3 {[%clk 0:00:34]} Rxf3 {[%clk 0:01:14]} 21. gxf3
{[%clk 0:01:03]} Qxf3 {[%clk 0:00:38]} 22. Qxf3 {[%clk 0:01:16]} Bxf3
{[%clk 0:01:07]} 23. Nf7 {[%clk 0:01:45]} Bd5 {[%clk 0:00:35]} 24. Ng5+
{[%clk 0:01:40]} Kg8 {[%clk 0:01:04]} 25. a5 {[%clk 0:00:35]} Nf5
{[%clk 0:00:56]} 26. Re1 {[%clk 0:00:46]} Nc6 {[%clk 0:00:41]} 27. a6
{[%clk 0:01:03]} Nxh4 {[%clk 0:00:52]} 28. a7 {[%clk 0:00:35]} Nf5
{[%clk 0:00:35]} 29. Ne6 {[%clk 0:00:58]} Bxe6 {[%clk 0:00:34]} 30. Rxe6 Kf7
{[%clk 0:00:41]} 31. Re2 {[%clk 0:00:55]} Rxa7 {[%clk 0:01:08]} 32. Rxa7
{[%clk 0:00:55]} Nxa7 {[%clk 0:01:37]} 33. Ra2 {[%clk 0:01:24]} Nc6
{[%clk 0:01:56]} 34. Ra6 {[%clk 0:01:48]} Ne5 {[%clk 0:01:54]} 35. Rb6
{[%clk 0:02:16]} Nd3 {[%clk 0:00:49]} 36. Bd2 {[%clk 0:02:45]} Ne5
{[%clk 0:00:34]} 37. Bf4 {[%clk 0:02:27]} Nd3 {[%clk 0:00:49]} 38. Bd2
{[%clk 0:02:54]} b4 {[%clk 0:00:37]} 39. cxb4 {[%clk 0:03:19]} cxb4
{[%clk 0:00:50]} 40. Bxb4 {[%clk 0:33:34]} Nd4 {[%clk 0:30:38]} 41. Bxd6
{[%clk 0:28:24]} exd6 {[%clk 0:29:39]} 42. Rxd6 {[%clk 0:28:52]} Nf3+
{[%clk 0:25:53]} 43. Kg2 {[%clk 0:27:08]} Nde5 {[%clk 0:26:07]} 44. Kg3
{[%clk 0:27:03]} g5 {[%clk 0:20:18]} 45. Rd5 {[%clk 0:26:35]} Ke6
{[%clk 0:17:41]} 46. Rxe5+ {[%clk 0:26:58]} Nxe5 {[%clk 0:18:08]} 47. f4
{[%clk 0:27:20]} gxf4+ {[%clk 0:18:35]} 48. Kxf4 1/2-1/2